| 000 | 01121nam a22002535i 4500 | ||
|---|---|---|---|
| 001 | 164860 | ||
| 003 | ES-MaACL | ||
| 005 | 20251015063146.0 | ||
| 008 | 990625s1841 fr f |||| | fre d | ||
| 040 |
_aCCPB | B _bspa _cCCPB | B |
||
| 100 | 1 |
_aSay, Jean Baptiste, _d1767-1832 _9132518 |
|
| 245 | 1 | 0 |
_aTraité d'économie politique, ou Simple exposition de la manière dont se forment, se distribuent, et se consomment les richesses / _cpar Jean-Batiste Say. |
| 250 |
_aSixième éd. entièremeny revue par l´auteur et publiée ... _bpar Horace Say. |
||
| 260 |
_aParis : _bGuillaumin, libraire, _c1841 ( _eSenlis : _fimprimerie de Madame Fessart) |
||
| 300 |
_aVII, 640 p. ; _c25 cm. |
||
| 490 | 1 |
_aCollection des principaux èconomistes ; _v9 |
|
| 597 | _aAntep. | ||
| 650 | 0 | 7 |
_aEconomía _2embne _912006 |
| 700 | 0 |
_aSay, Horace. _9132517 |
|
| 740 | 0 | _aSimple exposition de la manière dont se forment, se distribuent, et se consomment les richesses. | |
| 830 | 0 |
_aCollection des principaux èconomistes ; _v9 _9188371 |
|
| 852 |
_aES-MaACL _jF-4950 _z-- Enc. hol. |
||
| 999 |
_c164860 _d164860 |
||